| 000 | 00798cam a22002293a 4500 | ||
|---|---|---|---|
| 001 | 5995 | ||
| 003 | PGUSA | ||
| 005 | 20140828083127.0 | ||
| 008 | 050529s2005||||xxu|||||s|||||000 | eng d | ||
| 040 |
_aPGUSA _beng |
||
| 042 | _adc | ||
| 050 | 4 | _aML | |
| 100 | 1 |
_aKrehbiel, Henry Edward, _d1854-1923 |
|
| 245 | 1 | 0 |
_aChapters of Opera : _bBeing historical and critical observations and records concerning the lyric drama in New York from its earliest days down to the present time _h[electronic resource] / _cHenry Edward Krehbiel |
| 260 |
_bProject Gutenberg, _c2005 |
||
| 506 | _aPublic domain in the USA. | ||
| 516 | _aElectronic text | ||
| 653 | _aOpera -- New York (State) -- New York | ||
| 830 | 0 |
_aProject Gutenberg _v5995 |
|
| 856 | 4 | 0 | _uhttp://www.gutenberg.org/ebooks/5995 |
| 942 | _cEB | ||
| 999 |
_c235323 _d235323 |
||